000 01618nam0a2200313 4500
001 RU\NLR\BIBL_A\011496042
005 20241103060238.0
010 _a9785946919548
_9500
021 _aRU
_b2017-69370
_94922
035 _a(RuMoRGB)009392240
035 _a(NLR Aleph) 011496042
090 _a11972209
_c11972209
100 _a20171013d2017 k y0rusy50 ca
101 0 _arus
102 _aRU
105 _aa|||zzzz0|1zy
200 1 _aМетодологические основы формирования адаптивной портфельной стратегии инвестора
_fВ. А. Иванюк
_gФедеральное государственное образовательное бюджетное учреждение высшего образования Финансовый университет при Правительстве Российской Федерации (Финансовый университет)
210 _aМосква
_cГраница
_d2017
215 _a231 с.
_cил., табл.
_d21
320 _aБиблиогр.: с. 177-192 (171 назв.)
606 _aИнвестиции капитала
_xСтратегическое планирование
_92133945
_3RU\NLR\AUTH\661287024
606 1 _aИнвестиции капитала
_xМатематическое моделирование
_92225177
_3RU\NLR\AUTH\661335866
686 1 _aУ9(2)-56-23(2Р)
686 1 _aУ010.65в611
700 1 _aИванюк
_bВ. А.
_gВера Алексеевна
942 _cBOOK
980 _aNBR